| 000 | 00538nam a22001817a 4500 | ||
|---|---|---|---|
| 003 | BD-DhUL | ||
| 005 | 20171108153503.0 | ||
| 008 | 171108s1987 ii ||||| |||| 00| 0 per d | ||
| 040 |
_aBD-DhUL _cBD-DhUL |
||
| 082 |
_a891.551 _bBAS |
||
| 100 | 1 | _aبدایونی، ضیا احمد | |
| 245 | 0 |
_aسمنزار / _cضیا احمد بدایونی |
|
| 260 |
_aدہلی : _bایجو کیشنل پلبشنگہوس، _c۔۱۹۸۷ |
||
| 300 |
_aص۔ ۴۶۰ ؛ _c۲۴ سم۔ |
||
| 365 |
_aRS _b100 |
||
| 650 | 0 | _aPersian poetry | |
| 942 |
_2ddc _cBK |
||
| 999 |
_c231845 _d231845 |
||